| 000 | 01517nam0a2200361 4500 | ||
|---|---|---|---|
| 001 | RU\NLR\bibl\1407901 | ||
| 005 | 20260406103939.0 | ||
| 010 |
_a978-5-903840-05-2 _9200 |
||
| 021 |
_aRU _b2009-51295 _93152 |
||
| 035 | _a(nilc)RSL-KNO-004349821 | ||
| 035 | _a(NLR Aleph) 001399894 | ||
| 090 |
_a1215719 _c1215719 |
||
| 100 | _a20090619d2009 |||y0rusy50 ca | ||
| 101 | 0 |
_arus _deng |
|
| 102 | _aRU | ||
| 105 | _aa ||||||||| | ||
| 200 | 1 |
_aЗарубежный опыт новаций в межбюджетных отношениях _eсборник статей _fпод ред. В. В. Климанова |
|
| 210 |
_aМосква _cИнститут реформирования общественных финансов _d2009 |
||
| 215 |
_a149, [1] с. _cил. _d24 |
||
| 225 | 1 |
_aОбщественные финансы _v2009, вып. 1 (19) _x1991-0509 |
|
| 300 | _aРез. на англ. яз. | ||
| 320 | _aБиблиогр. в конце ст. и в подстроч. прим. | ||
| 606 | 1 |
_aМежбюджетные отношения _jСборники _92131211 _3RU\NLR\auth\661285715 |
|
| 686 |
_aУ526.131.1я43 _2rubbk |
||
| 686 | _aУ26(0)131я43 | ||
| 702 | 1 |
_4340 _8rus _7ca _aКлиманов _bВ. В. _cд-р экон. наук _f1969- _gВладимир Викторович _3RU\NLR\AUTH\7793198 _976124 |
|
| 801 | 0 |
_aRU _bРГБ _c20090619 _gRCR |
|
| 801 | 1 |
_aRU _bРГБ _c20090619 |
|
| 801 | 2 |
_aRU _bNLR _c20090904 _grcr |
|
| 942 | _cBOOK | ||
| 980 | _aNB | ||